banner koha

Efficacy of insecticides in fruit borer control and residues on sugar apple fruit (Registro n. 257665)

MARC details
000 -LÍDER
campo de controle de tamanho fixo 01032nas a2200325 4500
001 - NÚMERO DE CONTROLE
campo de controle BR2019001660
003 - IDENTIFICADOR DO NÚMERO DE CONTROLE
campo de controle BR-BrBNA
005 - DATA E HORÁRIO DA ÚLTIMA TRANSAÇÃO
campo de controle 20231205131944.0
007 - CAMPO FIXO DE DESCRIÇÃO FÍSICA--INFORMAÇÃO GERAL
campo de controle de tamanho fixo ta
008 - CAMPO DE DADOS FIXOS--INFORMAÇÃO GERAL
campo de controle de tamanho fixo 230509b bl.|||p| |||| 00| 00por d
040 ## - FONTE DA CATALOGAÇÃO
Instituição da catalogação original BR-BrBNA
Idioma da catalogação por
Instituição que transcreveu o registro Biblioteca Nacional de Agricultura
041 ## - CÓDIGO DE IDIOMA
Código do idioma do texto/trilha sonora ou título diferente (En)
072 ## - CÓDIGO DE CATEGORIA DE ASSUNTO
Código de Categoria de Assunto H10
100 1# - ENTRADA PRINCIPAL--NOME PESSOAL
Nome pessoal Oliveira, A. da S.
100 1# - ENTRADA PRINCIPAL--NOME PESSOAL
Nome pessoal Castellani, M.A.
100 1# - ENTRADA PRINCIPAL--NOME PESSOAL
Nome pessoal Moreira, A.A.
100 1# - ENTRADA PRINCIPAL--NOME PESSOAL
Nome pessoal Nascimento, A.S. do
100 1# - ENTRADA PRINCIPAL--NOME PESSOAL
Nome pessoal Azevedo, M.S.
100 1# - ENTRADA PRINCIPAL--NOME PESSOAL
Nome pessoal Oliveira, V.G.<br/>
245 1# - TÍTULO
Título Efficacy of insecticides in fruit borer control and residues on sugar apple fruit
650 ## - ASSUNTO--TERMO TÓPICO
Cabeçalho tópico ou nome geográfico FRUTA DE CONDE
650 ## - ASSUNTO--TERMO TÓPICO
Cabeçalho tópico ou nome geográfico PRAGA DE PLANTA
650 ## - ASSUNTO--TERMO TÓPICO
Cabeçalho tópico ou nome geográfico BROCA DO FRUTO
650 ## - ASSUNTO--TERMO TÓPICO
Cabeçalho tópico ou nome geográfico CONTROLE QUÍMICO
650 ## - ASSUNTO--TERMO TÓPICO
Cabeçalho tópico ou nome geográfico CONTROLE BIOLÓGICO
773 0# - ENTRADA ANALÍTICA
Título Revista Ceres (Brazil)
ISSN - International Standard Serial Number ISSN 2177-3411
Partes relacionadas (Mar-Apr 2017), v. 64(2) p. 132-137
Número de controle do registro BR2019001660
856 40 - LOCALIZAÇÃO ELETRÔNICA E ACESSO
Uniform Resource Identifier <a href="http://www.scielo.br/pdf/rceres/v64n2/2177-3491-rceres-64-02-00132.pdf">http://www.scielo.br/pdf/rceres/v64n2/2177-3491-rceres-64-02-00132.pdf</a>
909 ## -
-- 202311
-- Lúcia
-- 55
-- Lúcia Elande
942 ## - ELEMENTOS DE ENTRADA ADICIONADOS (KOHA)
Fonte da classificação ou esquema de arquivamento na estante Classificação AGRIS
Ocultar no OPAC Não
Tipo de material Koha Analítica
Exemplares
Situação do descarte Fonte da classificação ou esquema de arquivamento na estante Situação física Não pode ser emprestado Biblioteca de origem Biblioteca atual Localização na estante Enumeração do periódico / cronologia Total de empréstimos Data de último acesso Número do exemplar Tipo de material Koha Fonte de aquisição
  Classificação AGRIS   Consulta local Biblioteca Nacional de Agricultura - Binagri Biblioteca Nacional de Agricultura - Binagri   (Mar-Apr 2017), v. 64(2) p. 132-137   29/11/2023 01 Periódicos Portaria Interministerial nº 164/94

BINAGRI

Telefone: (61)3218-2567/2388/3357/2097 - binagri@agro.gov.br

Ministério da Agricultura e Pecuária , Esplanada dos Ministérios, Bloco D, Anexo B, Brasília/DF, CEP: 70.043-900